Central Library OPAC University of Rajshahi

দক্ষিণ ও দক্ষিণ-পুর্ব এশিয়ার পর্তুগিজ বাণিজ্য (১৪৯৮-১৬৪১) : (Record no. 83192)

MARC details
000 -LEADER
fixed length control field 01774nam a2200253 a 4500
001 - CONTROL NUMBER
RUCL Control Number 83192
003 - CONTROL NUMBER IDENTIFIER
rucl marc code BD-RjUL
005 - DATE AND TIME OF LATEST TRANSACTION
control field 20240229154429.0
008 - FIXED-LENGTH DATA ELEMENTS--GENERAL INFORMATION
fixed length control field 240229s2004 bg a|||| m||| 00| 0 ben d
035 ## - SYSTEM CONTROL NUMBER
system control number (BD-RjUL)83192
040 ## - CATALOGING SOURCE
Original cataloging agency BD-RjUL
Language of cataloging ben / eng
Transcribing agency BD-RjUL
Modifying agency BD-RjUL
082 ## - DEWEY DECIMAL CLASSIFICATION NUMBER
DDC Edition number 23
Classification number 382
Author mark and Year AHD 2004
100 ## - MAIN ENTRY--PERSONAL NAME
Personal name আহমেদ, ইমতিয়াজ
9 (RLIN) 11993
245 10 - TITLE STATEMENT
Title দক্ষিণ ও দক্ষিণ-পুর্ব এশিয়ার পর্তুগিজ বাণিজ্য (১৪৯৮-১৬৪১) :
Remainder of title প্রকৃতি ও প্রভাব /
Statement of responsibility, etc ইমতিয়াজ আহমেদ ;
Name of Supervisor/Co-Supervisor গবেষণা তত্ত্বাবধায়ক : এ. বি. এম. হোসেন, সহ-তত্ত্বাবধায়ক : এম. এ. বারী
260 ## - PUBLICATION, DISTRIBUTION, ETC. (IMPRINT)
Place of publication, distribution, etc রাজশাহী :
Name of publisher, distributor, etc ইনস্টিটিউট অব বাংলাদেশ স্টাডিজ, রাজশাহী বিশ্ববিদ্যালয়,
Date of publication, distribution, etc ২০০৪
300 ## - PHYSICAL DESCRIPTION
Pagination xvi, ৩৭৫ পাতা :
Other physical details চিত্র ;
Dimensions ২৯ সেমি.
502 ## - DISSERTATION NOTE
Dissertation note থিসিস (পিএইচ. ডি.) -- ইনস্টিটিউট অব বাংলাদেশ স্টাডিজ, রাজশাহী বিশ্ববিদ্যালয়, ২০০৪
504 ## - BIBLIOGRAPHY, ETC. NOTE
Bibliography, etc গ্রন্থপঞ্জি : পাতা ৩৫৯-৩৭৩
650 ## - SUBJECT ADDED ENTRY--TOPICAL TERM
Topical term or geographic name as entry element আন্তর্জাতিক বাণিজ্য
9 (RLIN) 11994
Topical term or geographic name as entry element Interational Commerce
9 (RLIN) 11995
700 ## - ADDED ENTRY--SUPERVISOR/CO-SUPERVISOR NAME
Personal name হোসেন, এ. বি. এম., গবেষণা তত্ত্বাবধায়ক
9 (RLIN) 11648
Personal name বারী, এম. এ., সহ-তত্ত্বাবধায়ক
9 (RLIN) 11996
942 ## - ADDED ENTRY ELEMENTS (KOHA)
Source of classification or shelving scheme Dewey Decimal Classification
Koha item type Theses
Holdings
Source of classification or shelving scheme Damaged status Not for loan Collection code Permanent Location Current Location Shelving location Date of accession Source of acquisition Total Checkouts Full call number Barcode Date last seen Copy number Thesis
Dewey Decimal Classification   Not For Loan Theses Central Library, University of Rajshahi Central Library, University of Rajshahi Documentation Section 21/10/2004 Controller of Exam. R. U.   BTHE 382 AHD 2004 D2317 29/02/2024 C-I Theses